| 000 | 00711nam a2200229 i 4500 | ||
|---|---|---|---|
| 001 | 92653 | ||
| 003 | ES-MaACL | ||
| 005 | 20250508062957.0 | ||
| 007 | t| | ||
| 008 | 050413s1976 it ||||1| ita d | ||
| 020 | _a88-06-03541-X | ||
| 080 | _a821.131.1-94"19" | ||
| 080 | _a929 Levi, Primo | ||
| 100 | 1 |
_aLevi, Primo, _d1919-1987 _9240200 |
|
| 245 | 1 | 0 |
_aSe questo รจ un uomo _b: presentazione e note a cura dell'autore / _cPrimo Levi. |
| 260 |
_aTorino : _bGiulio Einaudi, _c[1976] |
||
| 300 |
_a263 p. ; _c18 cm. |
||
| 490 | 1 |
_aLetture per la scuola media ; _v24 |
|
| 830 | 0 |
_aLetture per la scuola media ; _v24 _9184261 |
|
| 852 |
_aES-MaACL _jE-10942 _bR.135802 |
||
| 999 |
_c92653 _d92653 |
||